[Event "Blitz 2018"]
[Site "Saint-Petersburg"]
[Date "2018.12.29"]
[Round "10"]
[Board "71"]
[White "Tukhaev Adam (UKR)"]
[Black "Vastrukhin Oleg (RUS)"]
[Result "1-0"]
[LiveChessVersion "1.4.8"]
[BlackElo "2488"]
[WhiteElo "2529"]

1. e4 {[%clk 0:03:03]} g6 {[%clk 0:03:02]} 2. d4 {[%clk 0:03:04]} Bg7
{[%clk 0:03:03]} 3. Nc3 {[%clk 0:03:05]} c6 {[%clk 0:03:04]} 4. Nf3
{[%clk 0:03:05]} d5 {[%clk 0:03:05]} 5. h3 {[%clk 0:03:05]} Nf6 {[%clk 0:03:06]}
6. e5 {[%clk 0:03:05]} Ne4 {[%clk 0:03:07]} 7. Nxe4 {[%clk 0:03:01]} dxe4
{[%clk 0:03:08]} 8. Ng5 {[%clk 0:02:55]} c5 {[%clk 0:03:09]} 9. Bb5+
{[%clk 0:02:36]} Nc6 {[%clk 0:03:01]} 10. Bxc6+ {[%clk 0:02:25]} bxc6
{[%clk 0:03:02]} 11. dxc5 {[%clk 0:02:06]} Qa5+ {[%clk 0:02:13]} 12. c3
{[%clk 0:01:57]} Qxc5 {[%clk 0:02:11]} 13. O-O {[%clk 0:01:47]} Qxe5
{[%clk 0:01:59]} 14. Qa4 {[%clk 0:01:48]} O-O {[%clk 0:01:44]} 15. Qxe4
{[%clk 0:01:21]} Qxe4 {[%clk 0:01:39]} 16. Nxe4 {[%clk 0:01:22]} Rd8
{[%clk 0:01:29]} 17. Re1 {[%clk 0:01:21]} Rb8 {[%clk 0:01:26]} 18. Nc5
{[%clk 0:01:13]} Bf5 {[%clk 0:01:10]} 19. g4 {[%clk 0:01:07]} Bc2
{[%clk 0:01:09]} 20. a4 {[%clk 0:00:58]} e6 {[%clk 0:01:00]} 21. Na6
{[%clk 0:00:48]} Rb6 {[%clk 0:00:58]} 22. Nb4 {[%clk 0:00:49]} Bb3
{[%clk 0:00:18]} 23. Be3 {[%clk 0:00:49]} Rb7 {[%clk 0:00:05]} 24. Nxc6
{[%clk 0:00:49]} Rc8 {[%clk 0:00:05]} 25. Na5 {[%clk 0:00:49]} Rbb8
{[%clk 0:00:04]} 26. Bxa7 {[%clk 0:00:49]} Ra8 {[%clk 0:00:05]} 27. Nxb3
{[%clk 0:00:45]} Rxa7 {[%clk 0:00:06]} 28. Nd2 {[%clk 0:00:28]} Rb8
{[%clk 0:00:07]} 29. Ra2 {[%clk 0:00:29]} Rab7 {[%clk 0:00:04]} 30. Nc4
{[%clk 0:00:29]} Rd8 {[%clk 0:00:03]} 31. a5 {[%clk 0:00:29]} Rc7
{[%clk 0:00:05]} 32. Nb6 {[%clk 0:00:27]} Rb8 {[%clk 0:00:05]} 33. Rd1
{[%clk 0:00:27]} Bf8 {[%clk 0:00:05]} 34. Rd7 {[%clk 0:00:26]} Rc6
{[%clk 0:00:04]} 35. b4 {[%clk 0:00:25]} Rxc3 {[%clk 0:00:05]} 36. a6
{[%clk 0:00:22]} Rxb6 {[%clk 0:00:06]} 37. a7 {[%clk 0:00:23]} Rc8
{[%clk 0:00:06]} 38. a8=Q {[%clk 0:00:23]} Rxa8 {[%clk 0:00:07]} 39. Rxa8
{[%clk 0:00:24]} Kg7 {[%clk 0:00:08]} 40. Raa7 {[%clk 0:00:25]} Bxb4
{[%clk 0:00:08]} 41. Rxf7+ {[%clk 0:00:26]} Kg8 {[%clk 0:00:03]} 42. Rg7+
{[%clk 0:00:26]} Kf8 {[%clk 0:00:04]} 43. Rxh7 {[%clk 0:00:27]} Kg8
{[%clk 0:00:05]} 44. Rag7+ {[%clk 0:00:28]} Kf8 {[%clk 0:00:06]} 45. Rb7
{[%clk 0:00:25]} 1-0

[Event "Blitz 2018"]
[Site "Saint-Petersburg"]
[Date "2018.12.29"]
[Round "10"]
[Board "72"]
[White "Geller Jakov (RUS)"]
[Black "Sanikidze Tornike (GEO)"]
[Result "1-0"]
[LiveChessVersion "1.4.8"]
[BlackElo "2484"]
[WhiteElo "2528"]

1. e4 {[%clk 0:03:02]} d6 {[%clk 0:03:00]} 2. d4 {[%clk 0:03:03]} g6
{[%clk 0:03:01]} 3. Nc3 {[%clk 0:03:02]} Bg7 {[%clk 0:03:02]} 4. Be3
{[%clk 0:03:02]} c6 {[%clk 0:03:02]} 5. Qd2 {[%clk 0:03:00]} Nd7 {[%clk 0:03:02]}
6. Nf3 {[%clk 0:02:55]} b5 {[%clk 0:03:00]} 7. Bd3 {[%clk 0:02:55]} a6
{[%clk 0:02:42]} 8. O-O {[%clk 0:02:52]} e5 {[%clk 0:02:40]} 9. h3
{[%clk 0:02:49]} Ngf6 {[%clk 0:02:39]} 10. a4 {[%clk 0:02:50]} Bb7
{[%clk 0:02:28]} 11. Ne2 {[%clk 0:02:50]} O-O {[%clk 0:02:05]} 12. dxe5
{[%clk 0:02:38]} dxe5 {[%clk 0:01:51]} 13. Ng3 {[%clk 0:02:38]} Qe7
{[%clk 0:01:48]} 14. c4 {[%clk 0:02:38]} b4 {[%clk 0:01:46]} 15. c5
{[%clk 0:02:37]} a5 {[%clk 0:01:41]} 16. Qc2 {[%clk 0:02:32]} Rfd8
{[%clk 0:01:37]} 17. Nd2 {[%clk 0:02:31]} Ba6 {[%clk 0:01:25]} 18. Bxa6
{[%clk 0:02:30]} Rxa6 {[%clk 0:01:27]} 19. Rfd1 {[%clk 0:02:30]} Raa8
{[%clk 0:01:24]} 20. Nc4 {[%clk 0:02:22]} Bf8 {[%clk 0:01:19]} 21. Nd6 Qe6 22.
Nb7 {[%clk 0:01:37]} Rdb8 {[%clk 0:01:20]} 23. Nd6 {[%clk 0:01:38]} Rd8
{[%clk 0:01:22]} 24. Nc4 {[%clk 0:01:30]} b3 {[%clk 0:00:43]} 25. Qc3
{[%clk 0:01:15]} Nxc5 {[%clk 0:00:43]} 26. Rxd8 {[%clk 0:01:14]} Rxd8
{[%clk 0:00:44]} 27. Qxa5 {[%clk 0:01:14]} Re8 {[%clk 0:00:31]} 28. Nd2
{[%clk 0:01:04]} Nfd7 {[%clk 0:00:24]} 29. Qc3 {[%clk 0:01:02]} Ra8
{[%clk 0:00:22]} 30. a5 {[%clk 0:01:03]} Qd6 {[%clk 0:00:21]} 31. Nxb3
{[%clk 0:00:58]} Nxb3 {[%clk 0:00:16]} 32. Qxb3 {[%clk 0:00:58]} Nc5
{[%clk 0:00:13]} 33. Qc4 {[%clk 0:00:47]} Na6 {[%clk 0:00:09]} 34. Ne2
{[%clk 0:00:37]} h5 {[%clk 0:00:06]} 35. Nc3 {[%clk 0:00:30]} Qd8
{[%clk 0:00:07]} 36. Bb6 {[%clk 0:00:30]} Qd6 {[%clk 0:00:06]} 37. Be3
{[%clk 0:00:30]} Be7 {[%clk 0:00:07]} 38. Na4 Bd8 39. Nb6 {[%clk 0:00:31]} Bxb6
{[%clk 0:00:06]} 40. axb6 Nc7 41. Rxa8+ {[%clk 0:00:30]} Nxa8 {[%clk 0:00:09]}
42. b7 {[%clk 0:00:30]} Qb8 {[%clk 0:00:06]} 43. bxa8=R {[%clk 0:00:27]} Qxa8 44.
Qb4 {[%clk 0:00:22]} Qa6 {[%clk 0:00:05]} 45. Bh6 {[%clk 0:00:21]} Qc8
{[%clk 0:00:06]} 46. Qd6 {[%clk 0:00:21]} Qe8 {[%clk 0:00:08]} 47. Qf6
{[%clk 0:00:21]} 1-0

[Event "Blitz 2018"]
[Site "Saint-Petersburg"]
[Date "2018.12.29"]
[Round "10"]
[Board "73"]
[White "Danielyan Vahe (ARM)"]
[Black "Lintchevski Daniil (RUS)"]
[Result "0-1"]
[LiveChessVersion "1.4.8"]
[BlackElo "2594"]
[WhiteElo "2417"]

1. e4 {[%clk 0:03:03]} c5 {[%clk 0:03:04]} 2. Nc3 {[%clk 0:03:04]} e6
{[%clk 0:03:05]} 3. Nf3 {[%clk 0:03:05]} Nc6 {[%clk 0:03:06]} 4. Bb5
{[%clk 0:03:06]} Nge7 {[%clk 0:03:07]} 5. O-O {[%clk 0:03:07]} a6
{[%clk 0:03:08]} 6. Bxc6 {[%clk 0:03:07]} Nxc6 {[%clk 0:03:09]} 7. d4
{[%clk 0:03:08]} cxd4 {[%clk 0:03:10]} 8. Nxd4 {[%clk 0:03:10]} Qc7
{[%clk 0:03:11]} 9. Re1 {[%clk 0:03:10]} d6 {[%clk 0:03:07]} 10. Nxc6
{[%clk 0:03:09]} bxc6 {[%clk 0:03:01]} 11. Bg5 {[%clk 0:03:03]} f6
{[%clk 0:02:59]} 12. Be3 {[%clk 0:02:51]} Be7 {[%clk 0:02:55]} 13. Na4
{[%clk 0:02:52]} Rb8 {[%clk 0:02:53]} 14. c4 {[%clk 0:02:53]} O-O
{[%clk 0:02:47]} 15. b3 {[%clk 0:02:55]} c5 {[%clk 0:02:40]} 16. Bf4
{[%clk 0:02:56]} Bd7 {[%clk 0:02:34]} 17. Nc3 {[%clk 0:02:57]} Bc6
{[%clk 0:02:35]} 18. Qd2 {[%clk 0:02:57]} Rbd8 {[%clk 0:02:31]} 19. Rad1
{[%clk 0:02:58]} Rd7 {[%clk 0:02:32]} 20. Bg3 {[%clk 0:02:54]} Rfd8
{[%clk 0:02:30]} 21. h4 {[%clk 0:02:53]} Bf8 {[%clk 0:02:29]} 22. Qe2
{[%clk 0:02:51]} g6 {[%clk 0:02:05]} 23. Qg4 {[%clk 0:02:50]} Re8
{[%clk 0:02:01]} 24. Re3 {[%clk 0:02:40]} Qd8 {[%clk 0:01:49]} 25. Red3
{[%clk 0:02:37]} e5 {[%clk 0:01:50]} 26. f3 {[%clk 0:02:25]} Rf7 {[%clk 0:01:42]}
27. Bf2 {[%clk 0:02:24]} Qc8 {[%clk 0:01:37]} 28. Qxc8 {[%clk 0:02:18]} Rxc8
{[%clk 0:01:39]} 29. Nd5 {[%clk 0:02:11]} f5 {[%clk 0:01:36]} 30. Be3
{[%clk 0:02:09]} h6 {[%clk 0:01:30]} 31. Bd2 {[%clk 0:01:58]} Kh7
{[%clk 0:01:27]} 32. Bc3 {[%clk 0:01:40]} Re8 {[%clk 0:01:19]} 33. a3
{[%clk 0:01:37]} fxe4 {[%clk 0:01:13]} 34. fxe4 {[%clk 0:01:38]} Bxd5
{[%clk 0:01:14]} 35. exd5 {[%clk 0:01:36]} Bg7 {[%clk 0:01:11]} 36. Rf3
{[%clk 0:01:17]} Rf4 {[%clk 0:01:05]} 37. Rxf4 {[%clk 0:01:13]} exf4
{[%clk 0:01:06]} 38. Bxg7 {[%clk 0:01:14]} Kxg7 39. b4 cxb4 {[%clk 0:00:55]} 40.
axb4 Rb8 41. c5 {[%clk 0:00:43]} Rxb4 {[%clk 0:00:49]} 42. c6 {[%clk 0:00:44]}
Rc4 {[%clk 0:00:43]} 43. Re1 {[%clk 0:00:45]} Rc5 {[%clk 0:00:43]} 44. Re7+
{[%clk 0:00:44]} Kf6 {[%clk 0:00:36]} 45. Re6+ {[%clk 0:00:45]} Kf5
{[%clk 0:00:37]} 46. Rxd6 {[%clk 0:00:46]} g5 {[%clk 0:00:35]} 47. hxg5 hxg5 48.
Kf2 {[%clk 0:00:35]} g4 {[%clk 0:00:35]} 49. Rd7 {[%clk 0:00:36]} Rc2+
{[%clk 0:00:37]} 50. Ke1 {[%clk 0:00:35]} Rxg2 {[%clk 0:00:36]} 51. c7
{[%clk 0:00:31]} Rc2 {[%clk 0:00:37]} 52. d6 {[%clk 0:00:31]} g3 {[%clk 0:00:38]}
53. Kd1 {[%clk 0:00:26]} Rc6 {[%clk 0:00:31]} 54. Rf7+ {[%clk 0:00:18]} Ke4
{[%clk 0:00:20]} 55. d7 {[%clk 0:00:17]} g2 {[%clk 0:00:21]} 56. Rg7
{[%clk 0:00:11]} Rxc7 {[%clk 0:00:22]} 57. d8=Q {[%clk 0:00:11]} Rxg7
{[%clk 0:00:23]} 58. Qe8+ {[%clk 0:00:09]} Kf3 {[%clk 0:00:21]} 59. Qe2+
{[%clk 0:00:08]} Kg3 {[%clk 0:00:21]} 60. Qe1+ {[%clk 0:00:09]} Kh3
{[%clk 0:00:19]} 61. Qe6+ {[%clk 0:00:10]} Rg4 {[%clk 0:00:21]} 62. Qh6+
{[%clk 0:00:08]} Kg3 {[%clk 0:00:19]} 63. Qb6 {[%clk 0:00:09]} f3
{[%clk 0:00:16]} 64. Ke1 {[%clk 0:00:10]} Re4+ {[%clk 0:00:17]} 65. Kd2
{[%clk 0:00:10]} f2 {[%clk 0:00:15]} 66. Qg6+ {[%clk 0:00:11]} Rg4
{[%clk 0:00:16]} 67. Qd6+ {[%clk 0:00:11]} Kh3 {[%clk 0:00:14]} 68. Qh6+
{[%clk 0:00:12]} Kg3 {[%clk 0:00:11]} 69. Qe3+ {[%clk 0:00:13]} Kh2
{[%clk 0:00:10]} 70. Qxf2 {[%clk 0:00:14]} Rg3 {[%clk 0:00:06]} 71. Ke2 a5 72.
Kd2 a4 73. Qe2 {[%clk 0:00:06]} a3 {[%clk 0:00:06]} 74. Qh5+ {[%clk 0:00:07]} Rh3
{[%clk 0:00:08]} 75. Qe5+ {[%clk 0:00:05]} Kh1 {[%clk 0:00:09]} 76. Qd5
{[%clk 0:00:03]} a2 {[%clk 0:00:08]} 0-1

[Event "Blitz 2018"]
[Site "Saint-Petersburg"]
[Date "2018.12.29"]
[Round "10"]
[Board "74"]
[White "Petrov Nikita (RUS)"]
[Black "Piorun Kacper (POL)"]
[Result "0-1"]
[LiveChessVersion "1.4.8"]
[BlackElo "2646"]
[WhiteElo "2468"]

1. e4 {[%clk 0:03:03]} c6 {[%clk 0:03:04]} 2. d4 {[%clk 0:03:04]} d5
{[%clk 0:03:05]} 3. e5 {[%clk 0:03:05]} c5 {[%clk 0:03:06]} 4. dxc5
{[%clk 0:03:05]} e6 {[%clk 0:03:08]} 5. Nf3 {[%clk 0:03:04]} Bxc5
{[%clk 0:03:08]} 6. Bd3 {[%clk 0:03:04]} Ne7 {[%clk 0:03:10]} 7. a3
{[%clk 0:03:04]} Ng6 {[%clk 0:03:10]} 8. b4 {[%clk 0:03:02]} Be7 {[%clk 0:03:03]}
9. O-O {[%clk 0:02:45]} O-O {[%clk 0:03:03]} 10. Bb2 {[%clk 0:02:43]} a5
{[%clk 0:03:04]} 11. b5 {[%clk 0:02:42]} Nf4 {[%clk 0:02:58]} 12. c4
{[%clk 0:02:41]} Nxd3 {[%clk 0:02:53]} 13. Qxd3 {[%clk 0:02:41]} Nd7
{[%clk 0:02:48]} 14. Rd1 {[%clk 0:02:28]} Nb6 {[%clk 0:02:18]} 15. cxd5
{[%clk 0:01:37]} exd5 {[%clk 0:02:14]} 16. Nc3 {[%clk 0:01:30]} Be6
{[%clk 0:02:14]} 17. Nd4 {[%clk 0:01:25]} Nc4 {[%clk 0:01:47]} 18. Bc1
{[%clk 0:01:21]} Bc5 {[%clk 0:01:13]} 19. Nb3 {[%clk 0:00:50]} Nxe5
{[%clk 0:01:07]} 20. Qg3 {[%clk 0:00:46]} Bd6 {[%clk 0:01:03]} 21. Bf4
{[%clk 0:00:47]} Nc4 {[%clk 0:00:56]} 22. Nxd5 {[%clk 0:00:23]} Bxd5
{[%clk 0:00:40]} 23. Bxd6 {[%clk 0:00:24]} Qxd6 {[%clk 0:00:37]} 24. Qxd6
{[%clk 0:00:25]} Nxd6 {[%clk 0:00:38]} 25. Rxd5 {[%clk 0:00:27]} Nc4
{[%clk 0:00:30]} 26. Rd7 {[%clk 0:00:28]} b6 {[%clk 0:00:28]} 27. Nd4
{[%clk 0:00:29]} Rfd8 {[%clk 0:00:27]} 28. Rxd8+ {[%clk 0:00:25]} Rxd8
{[%clk 0:00:29]} 29. Nc6 {[%clk 0:00:23]} Rd2 {[%clk 0:00:25]} 30. a4
{[%clk 0:00:12]} h5 {[%clk 0:00:23]} 31. Kf1 {[%clk 0:00:10]} h4 {[%clk 0:00:18]}
32. h3 {[%clk 0:00:12]} g6 {[%clk 0:00:15]} 33. Na7 {[%clk 0:00:05]} Rc2
{[%clk 0:00:09]} 34. Nc6 {[%clk 0:00:06]} Kg7 {[%clk 0:00:09]} 35. Nd4
{[%clk 0:00:04]} Rb2 {[%clk 0:00:07]} 36. Rc1 {[%clk 0:00:04]} Rb4
{[%clk 0:00:06]} 37. Nc6 {[%clk 0:00:04]} Rxa4 {[%clk 0:00:06]} 38. Rd1
{[%clk 0:00:05]} Ra2 {[%clk 0:00:05]} 39. Rd7 {[%clk 0:00:06]} a4
{[%clk 0:00:06]} 40. Ra7 {[%clk 0:00:07]} a3 {[%clk 0:00:07]} 41. Nd8
{[%clk 0:00:08]} Rb2 {[%clk 0:00:06]} 42. Nxf7 {[%clk 0:00:07]} Kf6
{[%clk 0:00:04]} 43. Nd8 {[%clk 0:00:03]} a2 {[%clk 0:00:05]} 44. Rf7+
{[%clk 0:00:03]} Ke5 {[%clk 0:00:06]} 45. Nc6+ {[%clk 0:00:04]} Kd6
{[%clk 0:00:07]} 46. Ra7 {[%clk 0:00:04]} Rb1+ {[%clk 0:00:08]} 47. Ke2
{[%clk 0:00:06]} a1=Q {[%clk 0:00:08]} 0-1

[Event "Blitz 2018"]
[Site "Saint-Petersburg"]
[Date "2018.12.29"]
[Round "10"]
[Board "75"]
[White "Eliseev Alexei (RUS)"]
[Black "Gasanov Eldar (UKR)"]
[Result "0-1"]
[LiveChessVersion "1.4.8"]
[BlackElo "2581"]
[WhiteElo "2486"]

1. c4 {[%clk 0:03:02]} e5 {[%clk 0:02:58]} 2. b3 {[%clk 0:03:02]} Nc6
{[%clk 0:02:49]} 3. Bb2 {[%clk 0:03:03]} d6 {[%clk 0:02:44]} 4. e3
{[%clk 0:03:03]} g6 {[%clk 0:02:42]} 5. Nf3 {[%clk 0:03:01]} Bg7 {[%clk 0:02:42]}
6. d4 {[%clk 0:02:59]} e4 {[%clk 0:02:40]} 7. Nfd2 {[%clk 0:02:59]} f5
{[%clk 0:02:37]} 8. a3 {[%clk 0:02:59]} a5 {[%clk 0:02:31]} 9. Nc3
{[%clk 0:02:58]} Nf6 {[%clk 0:02:31]} 10. Be2 {[%clk 0:02:58]} O-O
{[%clk 0:02:28]} 11. h3 {[%clk 0:02:49]} Ne7 {[%clk 0:02:21]} 12. g4
{[%clk 0:02:46]} c6 {[%clk 0:02:01]} 13. g5 {[%clk 0:02:25]} Ne8 {[%clk 0:01:55]}
14. h4 {[%clk 0:02:22]} d5 {[%clk 0:01:51]} 15. f4 {[%clk 0:02:12]} exf3
{[%clk 0:01:46]} 16. Nxf3 {[%clk 0:01:59]} Nd6 {[%clk 0:01:42]} 17. cxd5
{[%clk 0:01:40]} Nxd5 {[%clk 0:01:37]} 18. Nxd5 {[%clk 0:01:38]} cxd5
{[%clk 0:01:38]} 19. Ne5 {[%clk 0:01:25]} Be6 {[%clk 0:01:19]} 20. O-O
{[%clk 0:01:04]} Ne4 {[%clk 0:00:55]} 21. Bf3 {[%clk 0:01:04]} f4
{[%clk 0:00:49]} 22. Bxe4 {[%clk 0:01:02]} dxe4 {[%clk 0:00:49]} 23. Rxf4
{[%clk 0:01:01]} Rxf4 {[%clk 0:00:49]} 24. exf4 {[%clk 0:01:03]} Qb6
{[%clk 0:00:43]} 25. b4 {[%clk 0:00:53]} axb4 {[%clk 0:00:34]} 26. axb4
{[%clk 0:00:55]} Rxa1 {[%clk 0:00:30]} 27. Bxa1 {[%clk 0:00:56]} Qxb4
{[%clk 0:00:31]} 28. Kf2 {[%clk 0:00:44]} Bd5 {[%clk 0:00:22]} 29. Ke3
{[%clk 0:00:40]} Qa3+ {[%clk 0:00:20]} 30. Kf2 {[%clk 0:00:24]} Qh3
{[%clk 0:00:16]} 31. Qg4 {[%clk 0:00:19]} Qh2+ {[%clk 0:00:11]} 32. Ke3
{[%clk 0:00:18]} Bf8 {[%clk 0:00:12]} 33. f5 {[%clk 0:00:10]} Qa2
{[%clk 0:00:10]} 34. fxg6 {[%clk 0:00:08]} hxg6 {[%clk 0:00:07]} 35. h5
{[%clk 0:00:07]} Qxa1 {[%clk 0:00:08]} 36. hxg6 {[%clk 0:00:08]} Qe1+
{[%clk 0:00:08]} 37. Kf4 {[%clk 0:00:07]} Qf2+ {[%clk 0:00:08]} 0-1

[Event "Blitz 2018"]
[Site "Saint-Petersburg"]
[Date "2018.12.29"]
[Round "10"]
[Board "76"]
[White "Moiseenko Vadim (RUS)"]
[Black "Anikonov Dmitry (RUS)"]
[Result "1/2-1/2"]
[LiveChessVersion "1.4.8"]
[BlackElo "2511"]
[WhiteElo "2560"]

1. b3 {[%clk 0:03:03]} d6 {[%clk 0:03:01]} 2. Bb2 {[%clk 0:03:03]} e5
{[%clk 0:03:02]} 3. d4 {[%clk 0:03:04]} e4 {[%clk 0:03:03]} 4. d5
{[%clk 0:03:03]} f5 {[%clk 0:03:04]} 5. c4 {[%clk 0:03:00]} Nf6 {[%clk 0:03:04]}
6. e3 {[%clk 0:03:00]} Nbd7 {[%clk 0:03:05]} 7. Nh3 {[%clk 0:02:57]} Ne5
{[%clk 0:03:04]} 8. Be2 {[%clk 0:02:55]} g6 {[%clk 0:03:00]} 9. Na3
{[%clk 0:02:30]} Bg7 {[%clk 0:02:56]} 10. Nc2 {[%clk 0:02:30]} Qe7
{[%clk 0:02:53]} 11. Nf4 {[%clk 0:02:28]} c5 {[%clk 0:02:54]} 12. dxc6
{[%clk 0:02:27]} bxc6 {[%clk 0:02:54]} 13. h4 {[%clk 0:02:17]} O-O
{[%clk 0:02:48]} 14. Qd2 {[%clk 0:02:10]} Nfg4 {[%clk 0:02:39]} 15. Bxg4
{[%clk 0:01:54]} fxg4 {[%clk 0:02:32]} 16. Bxe5 {[%clk 0:01:42]} Bxe5
{[%clk 0:02:25]} 17. Nd4 {[%clk 0:01:36]} Bd7 {[%clk 0:02:11]} 18. Rd1
{[%clk 0:01:31]} g3 {[%clk 0:02:00]} 19. fxg3 {[%clk 0:01:30]} Rae8
{[%clk 0:01:48]} 20. O-O {[%clk 0:01:11]} g5 {[%clk 0:01:44]} 21. hxg5
{[%clk 0:01:10]} Qxg5 {[%clk 0:01:45]} 22. Nde2 {[%clk 0:01:02]} Rf6
{[%clk 0:01:42]} 23. Kf2 {[%clk 0:00:58]} Bg4 {[%clk 0:01:37]} 24. Rh1
{[%clk 0:00:57]} Re7 {[%clk 0:01:29]} 25. Rh4 {[%clk 0:00:55]} Rg7
{[%clk 0:01:29]} 26. Rdh1 {[%clk 0:00:40]} Rff7 {[%clk 0:01:03]} 27. Ke1
{[%clk 0:00:29]} Bxe2 {[%clk 0:00:55]} 28. Kxe2 {[%clk 0:00:28]} Bxf4
{[%clk 0:00:31]} 29. gxf4 {[%clk 0:00:27]} Qxg2+ {[%clk 0:00:32]} 30. Kd1
{[%clk 0:00:28]} Qxd2+ {[%clk 0:00:27]} 31. Kxd2 {[%clk 0:00:29]} Rg2+
{[%clk 0:00:28]} 32. Kc3 {[%clk 0:00:30]} Re2 {[%clk 0:00:24]} 33. R1h3
{[%clk 0:00:31]} Rg7 {[%clk 0:00:23]} 34. Rh6 {[%clk 0:00:25]} Rgg2
{[%clk 0:00:22]} 35. Kd4 {[%clk 0:00:23]} Rg7 {[%clk 0:00:17]} 36. Kxe4
{[%clk 0:00:17]} Re7+ {[%clk 0:00:18]} 37. Kd3 {[%clk 0:00:17]} Rxa2
{[%clk 0:00:19]} 38. Rxd6 {[%clk 0:00:18]} Rb2 {[%clk 0:00:18]} 39. Kc3
{[%clk 0:00:15]} Re2 {[%clk 0:00:19]} 40. Kd3 {[%clk 0:00:11]} Rb2
{[%clk 0:00:20]} 41. Kc3 {[%clk 0:00:06]} Re2 {[%clk 0:00:21]} 42. Rxc6
{[%clk 0:00:06]} R2xe3+ 43. Rxe3 {[%clk 0:00:07]} Rxe3+ {[%clk 0:00:23]} 44. Kd4
{[%clk 0:00:06]} Rxb3 {[%clk 0:00:24]} 45. Rc8+ {[%clk 0:00:07]} Kg7
{[%clk 0:00:23]} 46. Rc7+ {[%clk 0:00:08]} Kg6 {[%clk 0:00:24]} 47. Rxa7
{[%clk 0:00:08]} h5 {[%clk 0:00:26]} 48. Ra6+ {[%clk 0:00:04]} Kf5
{[%clk 0:00:19]} 49. Ra5+ {[%clk 0:00:05]} Kg4 {[%clk 0:00:16]} 50. Rg5+
{[%clk 0:00:06]} Kh4 {[%clk 0:00:12]} 51. Rg8 {[%clk 0:00:06]} Rf3
{[%clk 0:00:13]} 52. Rf8 {[%clk 0:00:05]} Kg4 {[%clk 0:00:15]} 53. c5
{[%clk 0:00:06]} Rf1 {[%clk 0:00:15]} 54. c6 {[%clk 0:00:06]} Rc1
{[%clk 0:00:15]} 55. Kd5 {[%clk 0:00:06]} h4 {[%clk 0:00:17]} 56. Kd6
{[%clk 0:00:06]} Rd1+ {[%clk 0:00:17]} 57. Ke5 {[%clk 0:00:05]} Rc1
{[%clk 0:00:18]} 58. Kd6 {[%clk 0:00:04]} Rd1+ {[%clk 0:00:19]} 59. Ke6
{[%clk 0:00:04]} Rc1 {[%clk 0:00:20]} 60. Kd7 {[%clk 0:00:05]} Rd1+
{[%clk 0:00:21]} 61. Kc8 {[%clk 0:00:04]} h3 {[%clk 0:00:22]} 62. f5
{[%clk 0:00:03]} h2 {[%clk 0:00:13]} 63. Rh8 {[%clk 0:00:03]} h1=Q
{[%clk 0:00:13]} 64. Rxh1 {[%clk 0:00:04]} Rxh1 {[%clk 0:00:14]} 65. f6
{[%clk 0:00:05]} Rh6 {[%clk 0:00:14]} 66. f7 {[%clk 0:00:03]} Rxc6+
{[%clk 0:00:14]} 67. Kd7 {[%clk 0:00:04]} Rf6 {[%clk 0:00:16]} 68. Ke7
{[%clk 0:00:05]} Rxf7+ {[%clk 0:00:17]} 69. Kxf7 {[%clk 0:00:07]} 1/2-1/2

[Event "Blitz 2018"]
[Site "Saint-Petersburg"]
[Date "2018.12.29"]
[Round "10"]
[Board "77"]
[White "Belyakov Bogdan (RUS)"]
[Black "Sakaev Konstantin (RUS)"]
[Result "0-1"]
[LiveChessVersion "1.4.8"]
[BlackElo "2551"]
[WhiteElo "2448"]

1. e4 {[%clk 0:03:03]} e6 {[%clk 0:03:03]} 2. d4 {[%clk 0:03:04]} d5
{[%clk 0:03:04]} 3. Nc3 {[%clk 0:03:05]} Nf6 {[%clk 0:03:04]} 4. Bg5
{[%clk 0:03:06]} dxe4 {[%clk 0:03:05]} 5. Nxe4 {[%clk 0:03:05]} Be7
{[%clk 0:03:06]} 6. Bxf6 {[%clk 0:03:04]} gxf6 {[%clk 0:03:06]} 7. Nf3
{[%clk 0:03:00]} f5 {[%clk 0:03:05]} 8. Nc3 {[%clk 0:03:00]} a6 {[%clk 0:03:06]}
9. g3 {[%clk 0:02:43]} b5 {[%clk 0:03:02]} 10. Bg2 {[%clk 0:02:44]} Bb7
{[%clk 0:03:00]} 11. O-O {[%clk 0:02:35]} b4 {[%clk 0:02:38]} 12. Na4
{[%clk 0:02:27]} Nd7 {[%clk 0:02:37]} 13. c4 {[%clk 0:02:13]} bxc3
{[%clk 0:02:36]} 14. bxc3 {[%clk 0:02:14]} O-O {[%clk 0:02:32]} 15. c4
{[%clk 0:01:52]} Bf6 {[%clk 0:02:32]} 16. Rb1 {[%clk 0:01:52]} Be4
{[%clk 0:02:32]} 17. Rb3 {[%clk 0:01:42]} Rb8 {[%clk 0:02:31]} 18. Nc3
{[%clk 0:01:40]} Ba8 {[%clk 0:02:31]} 19. Rxb8 {[%clk 0:00:52]} Qxb8
{[%clk 0:02:32]} 20. Qa4 {[%clk 0:00:50]} Qc8 {[%clk 0:02:21]} 21. Re1
{[%clk 0:00:33]} Bxf3 {[%clk 0:02:19]} 22. Bxf3 {[%clk 0:00:33]} Bxd4
{[%clk 0:02:19]} 23. Ne2 {[%clk 0:00:34]} c5 {[%clk 0:02:07]} 24. Nf4
{[%clk 0:00:35]} Ne5 {[%clk 0:02:06]} 25. Bg2 {[%clk 0:00:35]} Ng4
{[%clk 0:02:05]} 26. Re2 {[%clk 0:00:33]} Rd8 {[%clk 0:02:05]} 27. h3
{[%clk 0:00:32]} Nf6 {[%clk 0:02:06]} 28. Kh2 {[%clk 0:00:26]} Rd6
{[%clk 0:02:02]} 29. Bf3 {[%clk 0:00:26]} Qd8 {[%clk 0:01:54]} 30. Kg2
{[%clk 0:00:26]} Nd7 {[%clk 0:01:53]} 31. Nh5 {[%clk 0:00:25]} Ne5
{[%clk 0:01:32]} 32. Qa3 {[%clk 0:00:19]} Rb6 {[%clk 0:01:29]} 33. Rc2
{[%clk 0:00:15]} Rb8 {[%clk 0:01:26]} 34. Be2 {[%clk 0:00:16]} a5
{[%clk 0:01:24]} 35. Nf4 {[%clk 0:00:16]} Ng6 {[%clk 0:01:22]} 36. Nxg6
{[%clk 0:00:16]} hxg6 {[%clk 0:01:23]} 37. Bf3 {[%clk 0:00:17]} Kg7
{[%clk 0:01:22]} 38. h4 {[%clk 0:00:18]} Rb4 {[%clk 0:01:22]} 39. Qd3
{[%clk 0:00:19]} Qd6 {[%clk 0:01:15]} 40. Qd2 {[%clk 0:00:19]} Qe7
{[%clk 0:01:06]} 41. a3 {[%clk 0:00:20]} Rb3 {[%clk 0:00:57]} 42. Qxa5
{[%clk 0:00:21]} f4 {[%clk 0:00:56]} 43. Qa8 {[%clk 0:00:16]} fxg3
{[%clk 0:00:54]} 44. fxg3 {[%clk 0:00:17]} Qf6 {[%clk 0:00:52]} 45. a4
{[%clk 0:00:17]} Qf5 {[%clk 0:00:50]} 46. Qe4 {[%clk 0:00:17]} Rxf3
{[%clk 0:00:51]} 47. Qxf5 {[%clk 0:00:16]} Rxf5 {[%clk 0:00:46]} 48. a5
{[%clk 0:00:10]} Rh5 {[%clk 0:00:36]} 49. a6 {[%clk 0:00:11]} Rh8
{[%clk 0:00:36]} 50. Ra2 {[%clk 0:00:10]} Ra8 {[%clk 0:00:37]} 51. Kf3
{[%clk 0:00:11]} f5 {[%clk 0:00:37]} 52. g4 {[%clk 0:00:12]} Ra7 {[%clk 0:00:34]}
53. g5 {[%clk 0:00:10]} e5 {[%clk 0:00:35]} 54. Kg3 {[%clk 0:00:11]} Kf7
{[%clk 0:00:33]} 55. Kf3 {[%clk 0:00:12]} Ke6 {[%clk 0:00:30]} 56. Ra5
{[%clk 0:00:11]} e4+ {[%clk 0:00:31]} 57. Kf4 {[%clk 0:00:12]} Be5+
{[%clk 0:00:30]} 58. Ke3 {[%clk 0:00:13]} Kd6 {[%clk 0:00:31]} 59. Ra2
{[%clk 0:00:12]} Kc6 {[%clk 0:00:31]} 60. Ra5 {[%clk 0:00:11]} Bd4+
{[%clk 0:00:25]} 61. Kf4 {[%clk 0:00:13]} e3 {[%clk 0:00:26]} 62. Kf3
{[%clk 0:00:14]} Kb6 {[%clk 0:00:26]} 63. Rb5+ {[%clk 0:00:12]} Kxa6
{[%clk 0:00:27]} 64. Rb8 {[%clk 0:00:13]} Re7 {[%clk 0:00:27]} 65. Ke2
{[%clk 0:00:14]} f4 {[%clk 0:00:27]} 66. Rf8 {[%clk 0:00:14]} Be5
{[%clk 0:00:27]} 67. Rg8 {[%clk 0:00:14]} Ka5 {[%clk 0:00:24]} 68. Rxg6
{[%clk 0:00:15]} Bd4 {[%clk 0:00:23]} 0-1